|
|
|
|
| LEADER |
00000nam a2200000 a 4500 |
| 001 |
vtls008418542 |
| 003 |
SK-MaSNL |
| 005 |
20260301021307.0 |
| 008 |
251029s2005 xo g 000 j slo |
| 015 |
|
|
|a SNBA2006/03-01660
|
| 020 |
|
|
|a 8089129536
|q (brož.)
|
| 035 |
|
|
|a AC0DEFAA-B83F-4785-A4BB-DE74DCC9E0DF
|
| 035 |
|
|
|a urn:nbn:sk:snk-amkvvc
|
| 035 |
|
|
|a urn:nbn:sk:snk-am00124g
|
| 040 |
|
|
|a SNK
|b slo
|c SNK
|e AACR2
|
| 041 |
0 |
|
|a slo
|
| 044 |
|
|
|a xo
|c SK
|
| 072 |
|
7 |
|a 821.162.4-3
|x Slovenská próza
|2 konspekt
|
| 080 |
|
|
|a 821.162.4-32
|2 2001
|
| 100 |
1 |
|
|a Horváth, Karol D.,
|d 1961-
|4 aut
|9 105062
|
| 245 |
1 |
0 |
|a Karol D. Horváth
|c Karol D. Horváth
|
| 250 |
|
|
|a 1. vyd.
|
| 260 |
|
|
|a Levice
|b Koloman Kertész Bagala
|c 2005
|
| 300 |
|
|
|a 98 s.
|c 18 cm
|
| 490 |
1 |
|
|a Poviedka
|v zv. 1
|
| 655 |
|
7 |
|a slovenské poviedky
|2 SNKPH
|9 70226
|
| 830 |
|
0 |
|a Poviedka
|9 310001
|
| 919 |
|
|
|a 80-89129-53-6
|
| 999 |
|
|
|c 565017
|d 566947
|
| 952 |
|
|
|a SNK
|b SNK
|y PREZ
|7 0
|p 17A0499603
|o snkSD 75488
|i snk2006/4761
|8 0
|0 0
|1 0
|4 0
|d 2006-03-06
|l 0
|r 2025-11-24 00:00:00
|w 2026-02-23
|
| 952 |
|
|
|a SNK
|b SNK
|y PREZ
|7 0
|p 17A0499604
|o snkSD 75488 D1
|i snk2006/4762
|8 0
|0 0
|1 0
|4 0
|d 2006-03-06
|f 1
|l 0
|r 2017-06-30 00:00:00
|w 2026-02-23
|